| 000 | 00935 a2200217 4500 | ||
|---|---|---|---|
| 020 | _a0124518389 (alk. paper) | ||
| 040 |
_aDLC _bDLC |
||
| 082 | 0 | 0 | _a629.8/95 |
| 100 | 1 | _aLipovski, G. Jack. | |
| 245 | 1 | 0 |
_aIntroduction to microcontrollers: architecture, programming, and interfacing for the Freescale 68HC12 _barchitecture, programming, and interfacing for the Freescale 68HC12 _cG.J. Lipovski. |
| 250 | _a2nd ed. | ||
| 260 |
_aAmsterdam ; _aBoston : _bElsevier Academic Press, _cc2004. |
||
| 300 |
_axxxi, 451 p. : _bill. ; _c26 cm. + _e1 CD-ROM (4 3/4 in.) |
||
| 440 | 0 | _aAcademic Press series in engineering | |
| 500 | _aIncludes index. | ||
| 650 | 0 | _aProgrammable controllers. | |
| 650 | 0 | _aMicrocontrollers. | |
| 856 | 4 | 1 |
_3Table of contents _uhttp://www.loc.gov/catdir/toc/els051/2004052840.html |
| 856 | 4 | 1 |
_3Publisher description _uhttp://www.loc.gov/catdir/description/els051/2004052840.html |
| 942 |
_cBK _k629.895 LIP _2ddc |
||
| 999 |
_c8692 _d8692 |
||